| 000 | 00396nam a2200145Ia 4500 | ||
|---|---|---|---|
| 005 | 20240823064101.0 | ||
| 008 | 240823s9999||||xx |||||||||||||| ||und|| | ||
| 082 | _A006.4 P8 | ||
| 100 | _aMarques De Sa | ||
| 245 | 0 | _aPattern Recognition:Concepts Methods and Application | |
| 260 |
_c2008 _b"Springar,Canada" |
||
| 500 | _aYES | ||
| 650 |
_aPattern Recognition _bComputer Science |
||
| 942 | _cNB | ||
| 999 |
_c239862 _d239862 |
||